Uznávanie kvalifikácie pre výkon slobodných povolaní

Príspevok je zameraný na problematiku uznávania odborných kvalifikácií pre výkon slobodných povolaní v SR, ktorého základom je akceptácia komunitárneho práva EU, podľa ktorého sa posudzujú doklady o vzdelaní, a jeho uplatnenie nastáva len vtedy, ak je príslušná odborná činnosť v hostiteľskom štáte r...

Descrizione completa

Salvato in:
Dettagli Bibliografici
Autore principale: Soósová, Veronika
Natura: Capitolo di libro
Lingua:slovacco
Soggetti:
Tags: Aggiungi Tag
Nessun Tag, puoi essere il primo ad aggiungerne!!

MARC

LEADER 00000nla a2200000 4500
001 0164604
005 20240502072856.0
041 0 |a slo 
044 |a SK 
245 1 0 |a Uznávanie kvalifikácie pre výkon slobodných povolaní  |c Veronika Soósová 
520 |a Príspevok je zameraný na problematiku uznávania odborných kvalifikácií pre výkon slobodných povolaní v SR, ktorého základom je akceptácia komunitárneho práva EU, podľa ktorého sa posudzujú doklady o vzdelaní, a jeho uplatnenie nastáva len vtedy, ak je príslušná odborná činnosť v hostiteľskom štáte regulovaná. Vymedzuje základné pojmy, týkajúce sa danej problematiky, a z hľadiska komunitárneho práva približuje najmä problematiku automatického uznávania kvalifikácií, ktorá sa týka práve niektorých slobodných povolaní. 
610 2 0 |a povolanie 
610 2 0 |a povolania slobodné 
610 2 0 |a kvalifikácia 
610 2 0 |a vzdelanie 
610 2 0 |a Slovensko 
610 2 0 |a Európska únia 
610 2 0 |a úpravy právne 
610 2 0 |a právo komunitárne 
100 1 |a Soósová, Veronika